Score 0/28 Timer 10:00
0 Plays Today
% Correct
Fox
96%
Pie
96%
Arrow
96%
Owl
96%
Mule
94.7%
Bat
93.3%
Peacock
93.3%
Snail
93.3%
Lion
92%
Lark
92%
Coal
90.7%
Gold
90.7%
Feather
89.3%
Bone
88%
% Correct
Hell
88%
Rock
88%
Ice
86.7%
Day
85.3%
Lightning
84%
Silk
84%
Board
80%
Old boots
77.3%
Ghost
70.7%
SNow
69.3%
Rake
68%
Post
66.7%
Button
60%
Crystal
58.7%
Remove Ads.
Support Sporcle.
Get the best of Sporcle when you Go Orange. This ad-free experience offers more features, more stats, and more fun while also helping to support Sporcle. Thank you for becoming a member.

You're not logged in!

Compare scores with friends on all Sporcle quizzes.
OR
Log In

Show Comments

Extras

Top Quizzes Today


Score Distribution

Your Account Isn't Verified!

In order to create a playlist on Sporcle, you need to verify the email address you used during registration. Go to your Sporcle Settings to finish the process.

Report this User

Report this user for behavior that violates our Community Guidelines.

Details: